000 01010nas a2200325 4500
001 BR0900511
003 BR-BrBNA
005 20231205113046.0
007 ta
008 230509b bl.|||p| |||| 00| 00por d
040 _aBR-BrBNA
_bpor
_cBiblioteca Nacional de Agricultura
041 _a(Pt)
072 _aP34; F08
100 1 _aMiranda, E.M. de
100 1 _aSaggin Júnior, O.J.
100 1 _aSilva, E.M.R. da
245 1 _aSeleção de fungos micorrízicos arbusculares para o amendoim forrageiro consorciado com braquiária
650 _aBIOLOGIA DO SOLO
650 _aFUNGO
650 _aMICORRIZA VESICULAR ARBUSCULAR
650 _aINOCULAÇÃO
650 _aCAPIM BRACHIARIA
650 _aAMENDOIM
650 _aFORRAGEM
650 _aCONSORCIAÇÃO DE CULTURA
650 _aMATÉRIA SECA
773 0 _tPesquisa Agropecuária Brasileira (Brazil)
_xISSN 0100-204X
_g(Sep 2008), v. 43(9) p. 1185-1191
_wBR0900511
909 _a202311
_bLúcia
_c55
_dLúcia Elande
942 _2AGRIS
_n0
_cANA
999 _c201595
_d201595